000 00447nab a2200145Ia 4500
003 ES-SlBCS
005 20210601125301.0
008 140529s1997 xxu||||| |||| 00| 0 eng d
041 _aeng
100 1 _aCarter, W. R.
_9132530
245 0 0 _aDion's Left Foot (and the Price of Burkean Economy)
_c W. R. Carter
600 1 4 _aDión
_9156315
773 0 _tPhilosophy and Phenomenological Research
_gvol. 57, 1997, págs. 371-380
_wRev1411
942 _cAR
999 _c527823
_d527823